000 00455nam a22001817a 4500
005 20260402144942.0
008 260402b |||||||| |||| 00| 0 eng d
020 _a9788187197722
041 _aEnglish
082 _a340.59 SAE
100 _a Saeed, Monzeer
245 _aCommentary on Muslim Law in India
250 _a2nd
260 _aAllahabad :
_bOrient Publishing Company,
_c2016.
300 _a1335 p
650 _a Muslim Law
942 _cDB
999 _c9594
_d9594